Obálka Náhled e-knihy:
PDF Epub
Pro půjčování e-knih musíte být přihlášeni.
Jak si půjčit online?

Když přišli psi /

Román české autorky vypráví poválečnou historii malého městečka v Beskydech. Zapletený příbeh viny a trestu se rozplete zcela nečekaně.

Uloženo v:
Hlavní autor: Wilková, Scarlett, 1969- (Autor)
Médium: E-kniha
Jazyk:Czech
Vydáno: V Praze : Motto, 2024
Vydání:1. vydání
Témata:
Tagy:
Žádné tagy
LEADER 02244nam a2200397 i 4500
001 312486
003 CZ PrSKC
005 20260601215723.0
007 ta
008 240905s2024 xr g 000 f cze
015 |a cnb003627800 
020 |a 9788026726999  |q (vázáno) :  |c Kč 399,00 
035 |a (OCoLC)1468022473 
040 |a ABG001  |b cze  |d OLA001  |e rda 
072 7 |a 821.162.3-3  |x Česká próza  |2 Konspekt 
080 |a 821.162.3-31  |2 MRF 
080 |a (0:82-311.6)  |2 MRF 
100 1 |a Wilková, Scarlett,  |d 1969-  |7 xx0067867  |4 aut 
245 1 0 |a Když přišli psi /  |c Scarlett Wilková 
250 |a 1. vydání 
264 1 |a V Praze :  |b Motto,  |c 2024 
300 |a 271 stran ;  |c 21 cm 
336 |a text  |b txt  |2 rdacontent 
337 |a bez média  |b n  |2 rdamedia 
338 |a svazek  |b nc  |2 rdacarrier 
520 2 |a Román české autorky vypráví poválečnou historii malého městečka v Beskydech. Zapletený příbeh viny a trestu se rozplete zcela nečekaně.  |b Některá tajemství by měla zůstat navždy skryta - je lepší nevědět, že hrdinové, kterým jsme vystavěli pomníky, ve skutečnosti mnoha lidem ublížili. Živa, Ludmila, Slávek, Ondráš i Karel mají co tajit. Ale kdo je může soudit, když prožili mládí v době, kdy se obyvatelé Beskyd báli partyzánů stejně jako německých vojáků? A lze rozpoznat dobro od zla, když máte nevratně zjizvenou duši? Hory na Valašsku dodnes skrývají příběhy velkých lásek a nenaplněných snů. Nadešel čas je vyprávět. Nakladatelská anotace. 
655 7 |a české romány  |7 fd133974  |2 czenas 
655 7 |a historické romány  |7 fd132414  |2 czenas 
655 9 |a Czech fiction  |2 eczenas 
655 9 |a historical novels  |2 eczenas 
900 |a ABA001  |b 19 
928 9 |a Albatros Media - Motto 
044 |a xr 
910 |a RBIT002 
998 |d 410136  |a https://core.palmknihy.cz/api/books/410136/cover?sina4e  |b https://core.palmknihy.cz/api/books/410136/cover/400?sina4e  |c https://core.palmknihy.cz/api/books/410136/cover/50?sina4e  |e 2034-12-31  |g 272  |i 9788026726999  |j https://core.palmknihy.cz/api/books/410136/preview.epub  |k https://core.palmknihy.cz/api/books/410136/preview.pdf  |l   |q 49  |r 1  |s https://www.palmknihy.cz/kniha/410136  |t ebook  |y 2024  |z 0 
999 |d 312484